| 000 | 01475nam a22003257a 4500 | ||
|---|---|---|---|
| 003 | EG-ScBUE | ||
| 005 | 20220308093519.0 | ||
| 008 | 220308s2022 ua f b 000 0 ara d | ||
| 017 | _a2021 - 14294 | ||
| 020 | _a9789779090719 | ||
| 040 |
_aEG-ScBUE _bara _erda _cEG-ScBUE _dEG-ScBUE |
||
| 043 |
_af-ua--- _aa-fr--- |
||
| 082 | 0 | 4 |
_222 _a345.0231 _bك م ا |
| 100 | 1 |
_aكمال، وليد محمد، _eمؤلف. |
|
| 245 | 1 | 2 |
_aالإرهاب : _bبين التجريم والوقاية في التشريعات المصرية مقارنة بالتشريعات الفرنسية / _cالدكتور وليد محمد كمال، دكتوراه كلية الحقوق - جامعة الإسكندرية. |
| 250 | _aالطبعة الأولى. | ||
| 264 | 1 |
_aالمنصورة : _bدار الأهرام للنشر والتوزيع والإصدارات القانونية، _c2022. |
|
| 300 |
_a359 صفحة ؛ _c24 سم |
||
| 336 |
_2rdacontent _aنص _btxt |
||
| 337 |
_2rdamedia _aبدون وسيط _bn |
||
| 338 |
_2rdacarrier _aمجلد _bnc |
||
| 504 | _aيشتمل على إرجاعات ببليوجرافية. | ||
| 541 |
_cإهداء ؛ _aد. وليد كمال. |
||
| 650 | 7 |
_aالإرهاب _xقوانين وتشريعات _zمصر. _2BUEsh |
|
| 650 | 7 |
_aالإرهاب _xقوانين وتشريعات _zفرنسا. _2BUEsh |
|
| 650 | 7 |
_aالإرهاب (قانون دولي) _2BUEsh |
|
| 653 |
_bLLAAWW _cMarch2022 |
||
| 655 |
_vReading book _934232 |
||
| 942 | _2ddc | ||
| 999 |
_c29860 _d29831 |
||